Clubs de Football Français par Logo - Statistiques

Statistiques générales
  • Ce quiz a été pris 969 fois
  • Le résultat moyen est 31 sur 36
Statistiques - réponses
Par images Réponse % Correct
AS Monaco
97%
Olympique Lyonnais
97%
Olympique Marseille
97%
Paris Saint-Germain
97%
AS Saint-Étienne
96%
FC Nantes
96%
Lille OSC
95%
AC Ajaccio
94%
AJ Auxerre
94%
Paris FC
94%
Angers SCO
93%
FC Metz
93%
OGC Nice
93%
RC Lens
93%
FC Lorient
92%
Stade Rennais
92%
Montpellier HSC
91%
RC Strasbourg
91%
Toulouse FC
91%
Stade Brestois
89%
Stade de Reims
89%
SC Bastia
88%
Clermont Foot 63
86%
ES Troyes AC
85%
Red Star FC
85%
Le Havre
83%
SM Caen
83%
En Avant Guingamp
79%
Grenoble Foot 38
72%
Amiens SC
71%
Rodez AF
71%
Annecy FC
69%
Stade Lavallois
69%
USL Dunkerque
64%
FC Martigues
58%
Pau FC
56%
Aucun quiz correspondant
Distribution des résultats
% des personnes avec chaque résultat
Percentile par nombre de réponses
Votre historique - résultats
Vous n’avez pas pris ce quiz